[Event "Grand Swiss "]
[Date "2025.09.08"]
[White "Warmerdam, Max"]
[Black "Grandelius, Nils"]
[WhiteElo "2591"]
[BlackElo "2648"]
[Round "4.4.49"]
[Result "1/2-1/2"]

1. e4 {[%clk 01:40:55] [%emt 00:00:03]} e5 {[%clk 01:40:30] [%emt 00:00:30]} 2.
Nf3 {[%clk 01:41:20] [%emt 00:00:06]} Nc6 {[%clk 01:40:52] [%emt 00:00:08]} 3.
Bc4 {[%clk 01:41:46] [%emt 00:00:05]} Nf6 {[%clk 01:40:43] [%emt 00:00:38]} 4.
d3 {[%clk 01:42:10] [%emt 00:00:05]} Be7 {[%clk 01:40:21] [%emt 00:00:52]} 5.
O-O {[%clk 01:41:40] [%emt 00:01:00]} O-O {[%clk 01:39:38] [%emt 00:01:12]} 6.
Re1 {[%clk 01:41:46] [%emt 00:00:25]} d6 {[%clk 01:39:55] [%emt 00:00:14]} 7. a3
{[%clk 01:42:04] [%emt 00:00:13]} Kh8 {[%clk 01:33:40] [%emt 00:06:43]} 8. Nc3
{[%clk 01:32:42] [%emt 00:09:53]} Nd7 {[%clk 01:32:04] [%emt 00:02:06]} 9. Bd5
{[%clk 01:17:09] [%emt 00:16:03]} Nb6 {[%clk 01:18:58] [%emt 00:13:36]} 10. d4
{[%clk 01:12:00] [%emt 00:05:40]} Nxd4 {[%clk 01:03:05] [%emt 00:16:22]} 11.
Nxd4 {[%clk 01:12:09] [%emt 00:00:21]} exd4 {[%clk 01:03:31] [%emt 00:00:04]}
12. Qxd4 {[%clk 01:12:32] [%emt 00:00:07]} f5 {[%clk 01:02:17] [%emt 00:01:43]}
13. exf5 {[%clk 01:04:19] [%emt 00:08:44]} Bf6 {[%clk 01:00:09] [%emt 00:02:37]}
14. Qd1 {[%clk 01:02:38] [%emt 00:02:12]} Bxc3 {[%clk 00:41:21] [%emt 00:19:19]}
15. bxc3 {[%clk 01:02:34] [%emt 00:00:34]} Nxd5 {[%clk 00:40:55] [%emt
00:00:56]} 16. Qxd5 {[%clk 01:02:58] [%emt 00:00:05]} Rxf5 {[%clk 00:38:49]
[%emt 00:02:37]} 17. Bg5 {[%clk 00:45:58] [%emt 00:17:29]} Qf8 {[%clk 00:33:00]
[%emt 00:06:17]} 18. Qd2 {[%clk 00:45:28] [%emt 00:01:02]} h6 {[%clk 00:30:53]
[%emt 00:02:37]} 19. Bh4 {[%clk 00:44:03] [%emt 00:01:55]} Bd7 {[%clk 00:29:59]
[%emt 00:01:23]} 20. Re7 {[%clk 00:39:00] [%emt 00:05:34]} Rf7 {[%clk 00:29:56]
[%emt 00:00:32]} 21. Rae1 {[%clk 00:37:18] [%emt 00:02:13]} Rxe7 {[%emt
00:01:31]} 22. Rxe7 {[%clk 00:36:56] [%emt 00:00:49]} Re8 {[%clk 00:28:02] [%emt
00:01:25]} 23. Rxe8 {[%clk 00:19:16] [%emt 00:18:11]} Qxe8 {[%clk 00:23:36]
[%emt 00:04:55]} 24. f3 {[%clk 00:19:32] [%emt 00:00:15]} a6 {[%clk 00:21:15]
[%emt 00:02:51]} 25. Bf2 {[%clk 00:18:27] [%emt 00:01:34]} Qg6 {[%clk 00:13:31]
[%emt 00:08:14]} 26. h4 {[%clk 00:15:25] [%emt 00:03:33]} Kh7 {[%clk 00:11:09]
[%emt 00:02:51]} 27. Qe2 {[%clk 00:12:30] [%emt 00:03:27]} Qe6 {[%clk 00:03:41]
[%emt 00:07:56]} 28. Qxe6 {[%clk 00:09:20] [%emt 00:03:42]} Bxe6 {[%clk
00:04:07] [%emt 00:00:03]} 29. Ba7 {[%clk 00:09:22] [%emt 00:00:27]} d5 {[%clk
00:03:43] [%emt 00:00:55]} 30. Bb8 {[%clk 00:07:16] [%emt 00:02:36]} c6 {[%clk
00:02:55] [%emt 00:01:18]} 31. g4 {[%clk 00:04:27] [%emt 00:03:19]} h5 {[%clk
00:02:54] [%emt 00:00:31]} 32. Kf2 {[%clk 00:04:37] [%emt 00:00:20]} hxg4 {[%clk
00:03:16] [%emt 00:00:08]} 33. fxg4 {[%clk 00:05:04] [%emt 00:00:03]} Bxg4
{[%clk 00:03:41] [%emt 00:00:05]} 34. Ke3 {[%clk 00:05:28] [%emt 00:00:06]}
1/2-1/2

[Site "Europe Echecs"]

[Event "Grand Swiss "]
[Date "2025.09.08"]
[White "Goryachkina, Aleksandra"]
[Black "Kollars, Dmitrij"]
[WhiteElo "2528"]
[BlackElo "2647"]
[Round "4.4.50"]
[Result "1-0"]

1. e4 {[%clk 01:40:52] [%emt 00:00:06]} c5 {[%clk 01:40:42] [%emt 00:00:18]} 2.
Nf3 {[%clk 01:41:09] [%emt 00:00:14]} Nc6 {[%clk 01:41:07] [%emt 00:00:05]} 3.
Bb5 {[%clk 01:41:16] [%emt 00:00:23]} e6 {[%clk 01:41:20] [%emt 00:00:17]} 4.
O-O {[%clk 01:41:12] [%emt 00:00:34]} Nge7 {[%clk 01:41:37] [%emt 00:00:13]} 5.
Re1 {[%clk 01:41:20] [%emt 00:00:21]} Ng6 {[%clk 01:41:24] [%emt 00:00:43]} 6.
c3 {[%clk 01:39:56] [%emt 00:01:55]} Be7 {[%clk 01:41:29] [%emt 00:00:25]} 7. d4
cxd4 8. cxd4 {[%clk 01:39:35] [%emt 00:00:05]} d5 {[%clk 01:42:04] [%emt
00:00:06]} 9. exd5 {[%clk 01:35:57] [%emt 00:04:08]} exd5 {[%clk 01:42:15] [%emt
00:00:19]} 10. Bg5 {[%clk 01:35:44] [%emt 00:00:42]} O-O {[%clk 01:42:03] [%emt
00:00:42]} 11. Bxe7 {[%clk 01:35:37] [%emt 00:00:39]} Ngxe7 {[%clk 01:41:56]
[%emt 00:00:36]} 12. h3 {[%clk 01:26:50]} Be6 {[%clk 01:41:51] [%emt 00:09:52]}
13. Nc3 {[%clk 01:26:27]} Qd6 {[%clk 01:41:42] [%emt 00:01:32]} 14. Qd2 {[%clk
01:21:23]} Rac8 {[%clk 01:39:44] [%emt 00:08:01]} 15. Bxc6 {[%clk 01:15:49]}
Nxc6 {[%clk 01:38:07] [%emt 00:08:11]} 16. Ne5 {[%clk 01:15:35]} a6 {[%clk
01:25:01] [%emt 00:14:21]} 17. Re3 {[%clk 01:10:11]} f6 {[%clk 01:11:30] [%emt
00:19:55]} 18. Nxc6 {[%clk 01:06:08]} Rxc6 {[%clk 01:09:16] [%emt 00:07:17]} 19.
Rae1 {[%clk 01:05:18]} Bf7 {[%clk 01:08:47] [%emt 00:02:18]} 20. Re7 {[%clk
00:54:45]} Rc7 {[%clk 01:06:16] [%emt 00:14:05]} 21. Rxc7 {[%clk 00:50:30]} Qxc7
{[%clk 01:06:25] [%emt 00:05:06]} 22. Na4 {[%clk 00:50:02]} Rc8 {[%clk 01:01:06]
[%emt 00:06:46]} 23. Qb4 {[%clk 00:46:09]} Re8 {[%clk 00:51:30] [%emt 00:14:30]}
24. Rxe8+ {[%clk 00:39:58]} Bxe8 {[%clk 00:51:58] [%emt 00:06:43]} 25. Nc5
{[%clk 00:39:20]} Bc6 {[%clk 00:41:36] [%emt 00:12:00]} 26. Ne6 {[%clk
00:38:40]} Qf7 {[%clk 00:41:46] [%emt 00:01:28]} 27. Qd6 {[%clk 00:38:48]} Qe8
{[%clk 00:31:49] [%emt 00:10:51]} 28. f4 {[%clk 00:34:47]} g6 {[%clk 00:28:58]
[%emt 00:07:52]} 29. Kh2 {[%clk 00:30:50]} h5 {[%clk 00:18:10] [%emt 00:15:45]}
30. f5 {[%clk 00:14:21]} gxf5 {[%clk 00:17:17] [%emt 00:18:22]} 31. Qg3+ {[%clk
00:14:11]} Kf7 {[%clk 00:17:22] [%emt 00:01:04]} 32. Nf4 {[%clk 00:14:23]} Qe4
{[%clk 00:12:27] [%emt 00:05:44]} 33. Qg6+ {[%clk 00:13:54]} Ke7 {[%clk
00:12:52] [%emt 00:01:03]} 34. Qg7+ {[%clk 00:14:02]} Kd6 {[%clk 00:11:03] [%emt
00:02:40]} 35. Qxf6+ {[%clk 00:13:37]} Kc7 {[%clk 00:11:15] [%emt 00:01:14]} 36.
Nxh5 {[%clk 00:11:28]} Kb6 {[%clk 00:09:38] [%emt 00:04:48]} 37. Ng3 {[%clk
00:06:04]} Qe3 {[%clk 00:09:57] [%emt 00:06:04]} 38. Qe5 {[%clk 00:03:32]} Qxe5
{[%clk 00:07:40] [%emt 00:05:49]} 39. dxe5 {[%clk 00:04:01]} d4 {[%clk 00:08:00]
[%emt 00:00:12]} 40. Nxf5 {[%clk 00:02:41]} Kc5 {[%clk 00:07:21] [%emt
00:02:58]} 41. Kg3 {[%clk 00:42:04]} Bd5 {[%clk 00:40:59] [%emt 00:27:59]} 42.
h4 {[%emt 00:11:17]} Be6 {[%clk 00:36:21] [%emt 00:03:43]} 43. Nd6 {[%emt
00:13:44]} Bxa2 {[%emt 00:02:29]} 44. Kf4 {[%emt 00:08:26]} Bd5 {[%emt
00:03:17]} 45. h5 {[%clk 00:24:14] [%emt 00:02:07]} 1-0

[Site "Europe Echecs"]

[Event "Grand Swiss "]
[Date "2025.09.08"]
[White "Lu, Shanglei"]
[Black "Muradli, Mahammad"]
[WhiteElo "2647"]
[BlackElo "2590"]
[Round "4.4.51"]
[Result "1-0"]

1. e4 {[%clk 01:40:56] [%emt 00:00:03]} c5 {[%clk 01:40:56] [%emt 00:00:04]} 2.
Nf3 {[%clk 01:40:42] [%emt 00:00:45]} d6 {[%clk 01:41:21] [%emt 00:00:05]} 3.
Bb5+ {[%clk 01:39:24] [%emt 00:01:48]} Bd7 {[%clk 01:41:41] [%emt 00:00:10]} 4.
Bxd7+ {[%clk 01:38:55] [%emt 00:00:59]} Nxd7 {[%clk 01:42:07] [%emt 00:00:04]}
5. O-O {[%clk 01:37:37] [%emt 00:01:47]} e6 {[%clk 01:42:31] [%emt 00:00:06]} 6.
c3 {[%clk 01:32:19] [%emt 00:05:49]} Ngf6 {[%clk 01:42:42] [%emt 00:00:19]} 7.
Qe2 {[%clk 01:32:36] [%emt 00:00:14]} Be7 {[%clk 01:43:06] [%emt 00:00:04]} 8.
d4 {[%clk 01:32:24] [%emt 00:00:43]} O-O {[%clk 01:43:25] [%emt 00:00:10]} 9.
Rd1 {[%clk 01:31:08] [%emt 00:01:46]} cxd4 {[%clk 01:43:39] [%emt 00:00:18]} 10.
cxd4 {[%clk 01:30:23] [%emt 00:01:14]} b5 {[%clk 01:44:06] [%emt 00:00:02]} 11.
Bg5 {[%clk 01:21:03] [%emt 00:09:50]} h6 {[%clk 01:38:57] [%emt 00:05:39]} 12.
Bh4 {[%clk 01:20:54] [%emt 00:00:40]} a6 {[%clk 01:34:10] [%emt 00:05:17]} 13.
Nbd2 {[%clk 01:07:48] [%emt 00:13:35]} Qb6 {[%clk 01:33:33] [%emt 00:01:08]} 14.
Nb3 {[%clk 01:00:08] [%emt 00:08:10]} Rac8 {[%clk 01:28:48] [%emt 00:05:14]} 15.
Ne1 {[%clk 00:58:25] [%emt 00:02:13]} a5 {[%clk 01:23:12] [%emt 00:06:06]} 16.
f3 {[%clk 00:57:45] [%emt 00:01:10]} a4 {[%clk 01:19:35] [%emt 00:04:07]} 17.
Nc1 {[%clk 00:58:14] [%emt 00:00:02]} Nb8 {[%clk 01:18:42] [%emt 00:01:23]} 18.
Bf2 {[%clk 00:57:50] [%emt 00:00:54]} d5 {[%clk 01:18:16] [%emt 00:00:56]} 19.
e5 {[%clk 00:57:30] [%emt 00:00:49]} Nfd7 {[%clk 01:18:45] [%emt 00:00:01]} 20.
Ncd3 {[%clk 00:49:00] [%emt 00:09:01]} b4 {[%clk 01:06:19] [%emt 00:12:56]} 21.
f4 {[%clk 00:47:27] [%emt 00:02:02]} b3 {[%clk 01:04:40] [%emt 00:02:09]} 22.
axb3 {[%clk 00:46:18] [%emt 00:01:40]} Qxb3 {[%clk 00:58:39] [%emt 00:06:31]}
23. Rdc1 {[%clk 00:32:09] [%emt 00:14:39]} Rc4 {[%clk 00:49:07] [%emt 00:10:01]}
24. f5 {[%clk 00:26:59] [%emt 00:05:40]} Rfc8 {[%clk 00:40:03] [%emt 00:09:34]}
25. Rxc4 {[%clk 00:22:31] [%emt 00:04:59]} dxc4 {[%clk 00:35:14] [%emt
00:05:19]} 26. Nf4 {[%clk 00:22:57] [%emt 00:00:03]} exf5 {[%clk 00:30:11] [%emt
00:05:34]} 27. e6 {[%clk 00:21:04] [%emt 00:02:23]} Nf8 {[%clk 00:30:39] [%emt
00:00:01]} 28. exf7+ {[%clk 00:20:12] [%emt 00:01:23]} Kxf7 {[%clk 00:31:07]
[%emt 00:00:02]} 29. Qe5 {[%clk 00:19:27] [%emt 00:01:14]} Rd8 {[%clk 00:21:23]
[%emt 00:10:15]} 30. Nh5 {[%clk 00:19:04] [%emt 00:00:53]} Bf6 {[%clk 00:13:40]
[%emt 00:08:13]} 31. Nxf6 {[%clk 00:19:05] [%emt 00:00:28]} gxf6 {[%clk
00:14:08] [%emt 00:00:02]} 32. Qxf5 {[%clk 00:19:12] [%emt 00:00:23]} Qxb2
{[%clk 00:09:53] [%emt 00:04:46]} 33. Rxa4 {[%clk 00:19:35] [%emt 00:00:07]} Qb3
{[%clk 00:10:03] [%emt 00:00:19]} 34. Ra1 {[%clk 00:14:26] [%emt 00:05:40]} c3
{[%clk 00:08:50] [%emt 00:01:43]} 35. Qh5+ {[%clk 00:11:28] [%emt 00:03:28]} Kg8
{[%clk 00:06:46] [%emt 00:02:34]} 36. Qxh6 {[%clk 00:11:25] [%emt 00:00:33]}
Nbd7 {[%clk 00:06:22] [%emt 00:00:54]} 37. Rc1 {[%clk 00:10:20] [%emt 00:01:35]}
Rc8 {[%clk 00:06:12] [%emt 00:00:40]} 38. Nd3 {[%clk 00:08:10] [%emt 00:02:39]}
Qd5 {[%clk 00:03:35] [%emt 00:03:06]} 39. h3 {[%clk 00:04:32] [%emt 00:04:09]}
Kf7 {[%clk 00:02:12] [%emt 00:01:54]} 40. Nc5 {[%clk 00:02:53] [%emt 00:02:09]}
Nxc5 {[%clk 00:01:27] [%emt 00:01:15]} 41. Rxc3 {[%clk 00:02:51] [%emt
00:00:32]} Ra8 {[%clk 00:39:30] [%emt 00:12:27]} 42. dxc5 {[%clk 00:50:15] [%emt
00:03:05]} Ra2 {[%clk 00:35:04] [%emt 00:04:57]} 43. Rg3 {[%clk 00:39:03] [%emt
00:11:42]} Qe5 {[%clk 00:32:39] [%emt 00:02:54]} 44. c6 {[%clk 00:27:35] [%emt
00:11:59]} Rc2 {[%clk 00:29:44] [%emt 00:03:25]} 45. c7 {[%clk 00:26:55] [%emt
00:01:09]} Rxc7 {[%clk 00:29:05] [%emt 00:01:09]} 46. Rg7+ {[%clk 00:25:53]
[%emt 00:01:32]} Ke8 {[%clk 00:29:27] [%emt 00:00:09]} 47. Rxc7 {[%clk 00:26:17]
[%emt 00:00:06]} Qxc7 {[%clk 00:29:55] [%emt 00:00:01]} 48. Qxf6 {[%clk
00:26:39] [%emt 00:00:08]} Qc4 {[%clk 00:28:21] [%emt 00:02:04]} 49. Kh2 {[%clk
00:24:34] [%emt 00:02:35]} Ne6 {[%clk 00:28:33] [%emt 00:00:19]} 50. Qf5 {[%clk
00:23:25] [%emt 00:01:39]} Qe2 {[%clk 00:27:05] [%emt 00:01:57]} 51. h4 {[%clk
00:22:58] [%emt 00:00:57]} Qc4 {[%clk 00:25:10] [%emt 00:02:23]} 52. h5 {[%clk
00:21:56] [%emt 00:01:34]} Nf8 {[%clk 00:24:38] [%emt 00:01:02]} 53. g4 {[%clk
00:20:57] [%emt 00:01:29]} Qe2 {[%clk 00:24:33] [%emt 00:00:36]} 54. Kg3 {[%clk
00:19:15] [%emt 00:02:12]} Qe7 {[%clk 00:23:56] [%emt 00:01:06]} 55. g5 {[%clk
00:15:26] [%emt 00:04:18]} Ne6 {[%clk 00:22:23] [%emt 00:02:03]} 56. g6 {[%clk
00:15:47] [%emt 00:00:10]} Qd6+ {[%clk 00:21:25] [%emt 00:01:29]} 57. Kh3 {[%clk
00:15:16] [%emt 00:01:00]} Qd7 {[%clk 00:21:16] [%emt 00:00:39]} 58. h6 {[%clk
00:08:25] [%emt 00:07:22]} Nf4+ {[%clk 00:16:13] [%emt 00:05:32]} 59. Kg4 {[%clk
00:08:51] [%emt 00:00:04]} Nxg6 {[%clk 00:16:38] [%emt 00:00:06]} 60. Qxd7+
{[%clk 00:09:15] [%emt 00:00:05]} Kxd7 {[%clk 00:17:07] [%emt 00:00:02]} 61. Kf5
{[%clk 00:09:14] [%emt 00:00:30]} Nf8 {[%clk 00:16:48] [%emt 00:00:49]} 1-0

[Site "Europe Echecs"]

[Event "Grand Swiss "]
[Date "2025.09.08"]
[White "Bacrot, Etienne"]
[Black "Zemlyanskii, Ivan"]
[WhiteElo "2637"]
[BlackElo "2586"]
[Round "4.4.52"]
[Result "1/2-1/2"]

1. e4 {[%clk 01:40:57] [%emt 00:00:02]} e5 {[%clk 01:40:55] [%emt 00:00:06]} 2.
Nf3 {[%clk 01:41:21] [%emt 00:00:05]} Nc6 {[%clk 01:41:22] [%emt 00:00:04]} 3.
Bb5 {[%clk 01:41:45] [%emt 00:00:06]} a6 {[%clk 01:41:49] [%emt 00:00:03]} 4.
Ba4 {[%clk 01:42:09] [%emt 00:00:06]} Nf6 {[%clk 01:42:16] [%emt 00:00:03]} 5.
O-O {[%clk 01:42:32] [%emt 00:00:07]} Be7 {[%clk 01:42:44] [%emt 00:00:02]} 6.
Re1 {[%clk 01:42:54] [%emt 00:00:07]} b5 {[%clk 01:43:11] [%emt 00:00:04]} 7.
Bb3 {[%clk 01:43:19] [%emt 00:00:05]} d6 {[%clk 01:43:38] [%emt 00:00:04]} 8. c3
{[%clk 01:43:41] [%emt 00:00:06]} O-O {[%clk 01:44:05] [%emt 00:00:04]} 9. h3
{[%clk 01:44:05] [%emt 00:00:05]} Bb7 {[%clk 01:44:32] [%emt 00:00:05]} 10. d4
{[%clk 01:44:07] [%emt 00:00:26]} Re8 {[%clk 01:44:59] [%emt 00:00:04]} 11. Nbd2
{[%clk 01:37:29] [%emt 00:07:08]} Bf8 {[%clk 01:45:24] [%emt 00:00:06]} 12. a4
{[%clk 01:37:48] [%emt 00:00:11]} Na5 {[%clk 01:45:08] [%emt 00:00:45]} 13. Bc2
{[%clk 01:35:54] [%emt 00:02:24]} exd4 {[%clk 01:45:34] [%emt 00:00:05]} 14.
cxd4 {[%clk 01:35:42] [%emt 00:00:41]} b4 {[%clk 01:46:00] [%emt 00:00:04]} 15.
b3 {[%clk 01:30:13] [%emt 00:05:59]} g6 {[%clk 01:46:26] [%emt 00:00:04]} 16.
Bb2 {[%clk 01:30:39] [%emt 00:00:03]} Bg7 {[%clk 01:46:53] [%emt 00:00:04]} 17.
Rc1 {[%clk 01:29:09] [%emt 00:02:01]} Rc8 {[%clk 01:39:49] [%emt 00:07:35]} 18.
d5 {[%clk 01:19:38] [%emt 00:10:00]} c6 {[%clk 01:32:50] [%emt 00:07:28]} 19.
dxc6 {[%clk 01:18:25] [%emt 00:01:43]} Rxc6 {[%clk 01:32:09] [%emt 00:01:12]}
20. Bd3 {[%clk 01:16:54] [%emt 00:02:00]} Rxc1 {[%clk 01:28:18] [%emt 00:04:22]}
21. Qxc1 {[%clk 01:16:56] [%emt 00:00:28]} Nd7 {[%clk 01:16:57] [%emt 00:11:51]}
22. Bxg7 {[%clk 01:12:14] [%emt 00:05:12]} Kxg7 {[%clk 01:17:25] [%emt
00:00:02]} 23. Nc4 {[%clk 01:12:37] [%emt 00:00:07]} Nc5 {[%clk 01:06:09] [%emt
00:11:46]} 24. Nxa5 {[%clk 01:08:42] [%emt 00:04:25]} Qxa5 {[%clk 01:06:25]
[%emt 00:00:14]} 25. Qc4 {[%clk 01:07:35] [%emt 00:01:36]} Nxd3 {[%clk 00:50:39]
[%emt 00:16:17]} 26. Qxd3 {[%clk 01:07:25] [%emt 00:00:40]} Qc5 {[%clk 00:50:31]
[%emt 00:00:38]} 27. Re3 {[%clk 01:02:03] [%emt 00:05:52]} a5 {[%clk 00:44:01]
[%emt 00:07:01]} 28. Nd4 {[%clk 00:59:28] [%emt 00:03:04]} Re5 {[%clk 00:38:26]
[%emt 00:06:05]} 29. Nf3 {[%clk 00:52:37] [%emt 00:07:21]} Re7 {[%clk 00:35:40]
[%emt 00:03:16]} 30. Nd4 {[%clk 00:52:50] [%emt 00:00:17]} Re5 {[%clk 00:34:07]
[%emt 00:02:03]} 31. Nf3 {[%clk 00:53:03] [%emt 00:00:17]} Re7 {[%clk 00:33:00]
[%emt 00:01:37]} 32. Nd4 {[%clk 00:53:27] [%emt 00:00:06]} Re5 {[%clk 00:23:04]
[%emt 00:10:26]} 1/2-1/2

[Site "Europe Echecs"]

[Event "Grand Swiss "]
[Date "2025.09.08"]
[White "Suyarov, Mukhammadzokhid"]
[Black "Gurel, Ediz"]
[WhiteElo "2482"]
[BlackElo "2631"]
[Round "4.4.53"]
[Result "1/2-1/2"]

1. e4 {[%clk 01:40:27] [%emt 00:00:31]} c5 {[%clk 01:40:50] [%emt 00:00:11]} 2.
Nf3 {[%clk 01:40:08] [%emt 00:00:49]} e6 {[%clk 01:41:04] [%emt 00:00:15]} 3. d4
{[%clk 01:40:05] [%emt 00:00:34]} cxd4 {[%clk 01:41:24] [%emt 00:00:10]} 4. Nxd4
{[%clk 01:40:12] [%emt 00:00:23]} Nf6 {[%clk 01:41:40] [%emt 00:00:14]} 5. Nc3
{[%clk 01:40:21] [%emt 00:00:21]} Nc6 {[%clk 01:41:51] [%emt 00:00:19]} 6. Nxc6
{[%clk 01:40:02] [%emt 00:00:49]} bxc6 {[%clk 01:42:15] [%emt 00:00:06]} 7. e5
{[%clk 01:39:55] [%emt 00:00:37]} Nd5 {[%clk 01:42:39] [%emt 00:00:06]} 8. Ne4
{[%clk 01:39:58] [%emt 00:00:27]} Bb7 {[%clk 01:42:53] [%emt 00:00:16]} 9. Be2
{[%clk 01:34:03] [%emt 00:06:24]} c5 {[%clk 01:41:36] [%emt 00:01:48]} 10. O-O
{[%clk 01:33:12] [%emt 00:01:21]} Qc7 {[%clk 01:41:51] [%emt 00:00:15]} 11. Nd6+
{[%clk 01:33:00] [%emt 00:00:42]} Bxd6 {[%clk 01:42:14] [%emt 00:00:06]} 12.
exd6 {[%clk 01:33:20] [%emt 00:00:11]} Qc6 {[%clk 01:42:35] [%emt 00:00:09]} 13.
f3 {[%clk 01:27:22] [%emt 00:06:27]} c4 {[%clk 01:42:52] [%emt 00:00:14]} 14.
Qd4 {[%clk 01:27:00] [%emt 00:00:52]} Qb6 {[%clk 01:43:04] [%emt 00:00:19]} 15.
Qxb6 {[%clk 01:19:45] [%emt 00:07:45]} Nxb6 {[%clk 01:43:28] [%emt 00:00:05]}
16. Be3 {[%clk 01:18:20] [%emt 00:01:55]} O-O {[%clk 01:43:23] [%emt 00:00:35]}
17. Bxb6 {[%clk 01:12:57] [%emt 00:05:53]} axb6 {[%clk 01:43:48] [%emt
00:00:05]} 18. Bxc4 {[%clk 01:13:20] [%emt 00:00:07]} Rfc8 {[%clk 01:44:06]
[%emt 00:00:12]} 19. Bb3 {[%clk 01:10:02] [%emt 00:03:48]} f5 {[%clk 01:44:11]
[%emt 00:00:25]} 20. Rfd1 {[%clk 01:08:16] [%emt 00:02:16]} Kf7 {[%clk 01:43:10]
[%emt 00:01:30]} 21. Rd4 {[%clk 01:06:37] [%emt 00:02:09]} Rc5 {[%clk 01:38:39]
[%emt 00:05:01]} 22. Rad1 {[%clk 01:02:07] [%emt 00:05:00]} Bc6 {[%clk 01:31:45]
[%emt 00:07:25]} 23. Rb4 {[%clk 00:58:21] [%emt 00:04:17]} b5 {[%clk 01:30:44]
[%emt 00:01:30]} 24. Kf2 {[%clk 00:54:53] [%emt 00:03:58]} Kf6 {[%clk 01:28:28]
[%emt 00:02:47]} 25. c3 {[%clk 00:54:07] [%emt 00:01:15]} g5 {[%clk 01:22:06]
[%emt 00:06:53]} 26. a3 {[%clk 00:46:13] [%emt 00:08:24]} h5 {[%clk 01:15:52]
[%emt 00:06:43]} 27. h3 {[%clk 00:43:55] [%emt 00:02:47]} h4 {[%clk 01:05:53]
[%emt 00:10:29]} 28. Rd2 {[%clk 00:35:47] [%emt 00:08:39]} Rc8 {[%clk 00:50:45]
[%emt 00:15:38]} 29. Ke3 {[%clk 00:27:40] [%emt 00:08:37]} Re5+ {[%clk 00:49:31]
[%emt 00:01:44]} 30. Kf2 {[%clk 00:24:29] [%emt 00:03:40]} Rc5 {[%clk 00:48:57]
[%emt 00:01:04]} 31. Ke3 {[%clk 00:22:35] [%emt 00:02:25]} Re5+ {[%clk 00:43:02]
[%emt 00:06:26]} 32. Kf2 {[%clk 00:22:35] [%emt 00:00:29]} Rc5 {[%clk 00:33:39]
[%emt 00:09:53]} 1/2-1/2

[Site "Europe Echecs"]

[Event "Grand Swiss "]
[Date "2025.09.08"]
[White "Wagner, Dennis"]
[Black "Sarana, Alexey"]
[WhiteElo "2608"]
[BlackElo "2686"]
[Round "4.4.54"]
[Result "1/2-1/2"]

1. d4 {[%clk 01:40:56] [%emt 00:00:03]} Nf6 {[%clk 01:40:50] [%emt 00:00:10]} 2.
c4 {[%clk 01:41:19] [%emt 00:00:07]} e6 {[%clk 01:41:07] [%emt 00:00:14]} 3. Nf3
{[%clk 01:41:41] [%emt 00:00:07]} d5 {[%clk 01:41:26] [%emt 00:00:11]} 4. Nc3
{[%clk 01:41:58] [%emt 00:00:13]} a6 {[%clk 01:41:06] [%emt 00:00:50]} 5. cxd5
{[%clk 01:42:03] [%emt 00:00:25]} exd5 {[%clk 01:41:31] [%emt 00:00:06]} 6. Bg5
{[%clk 01:42:24] [%emt 00:00:08]} Be6 {[%clk 01:41:51] [%emt 00:00:10]} 7. Bxf6
{[%clk 01:41:56] [%emt 00:00:59]} Qxf6 {[%clk 01:42:11] [%emt 00:00:09]} 8. Qb3
{[%clk 01:42:20] [%emt 00:00:06]} b5 {[%clk 01:42:26] [%emt 00:00:15]} 9. a4
{[%clk 01:40:19] [%emt 00:02:32]} Nc6 {[%clk 01:40:51] [%emt 00:02:04]} 10. axb5
{[%clk 01:40:03] [%emt 00:00:47]} Nxd4 {[%clk 01:41:15] [%emt 00:00:06]} 11.
Nxd4 {[%clk 01:40:22] [%emt 00:00:10]} Qxd4 {[%clk 01:41:40] [%emt 00:00:05]}
12. bxa6 {[%clk 01:33:58] [%emt 00:06:55]} Qb4 {[%clk 01:41:57] [%emt 00:00:12]}
13. Qxb4 {[%clk 01:32:03] [%emt 00:02:25]} Bxb4 {[%clk 01:41:02] [%emt
00:01:25]} 14. e3 {[%clk 01:32:28] [%emt 00:00:04]} Ke7 {[%clk 01:41:00] [%emt
00:00:33]} 15. Be2 {[%clk 01:16:18] [%emt 00:16:40]} Rhb8 {[%clk 01:40:03] [%emt
00:01:27]} 16. Kd2 {[%clk 01:13:59] [%emt 00:02:50]} c5 {[%clk 01:25:29] [%emt
00:15:04]} 17. Kc2 {[%clk 00:56:49] [%emt 00:17:39]} Bf5+ {[%clk 01:06:45] [%emt
00:19:14]} 18. Bd3 {[%clk 00:52:26] [%emt 00:04:53]} Bxc3 {[%clk 01:05:48] [%emt
00:01:26]} 19. bxc3 {[%clk 00:47:51] [%emt 00:05:06]} Bxd3+ {[%clk 01:04:20]
[%emt 00:01:58]} 20. Kxd3 {[%clk 00:48:19] [%emt 00:00:02]} Rb6 {[%clk 01:04:33]
[%emt 00:00:17]} 21. a7 {[%clk 00:45:41] [%emt 00:03:08]} Rb7 {[%clk 01:04:49]
[%emt 00:00:14]} 22. e4 {[%clk 00:42:50] [%emt 00:03:20]} Rbxa7 {[%clk 01:00:37]
[%emt 00:04:43]} 23. Rxa7+ {[%clk 00:42:30] [%emt 00:00:51]} Rxa7 {[%clk
01:01:05] [%emt 00:00:01]} 24. exd5 {[%clk 00:41:39] [%emt 00:01:22]} Kd6 {[%clk
01:01:31] [%emt 00:00:03]} 25. Rb1 {[%clk 00:20:13] [%emt 00:21:56]} Kxd5 {[%clk
00:58:55] [%emt 00:03:07]} 26. Rb2 {[%clk 00:18:41] [%emt 00:02:02]} f5 {[%clk
00:56:36] [%emt 00:02:48]} 27. g3 {[%clk 00:12:48] [%emt 00:06:23]} g5 {[%clk
00:55:16] [%emt 00:01:50]} 28. Rb8 {[%clk 00:08:04] [%emt 00:05:14]} Ra2 {[%clk
00:55:29] [%emt 00:00:17]} 29. Rd8+ {[%clk 00:08:14] [%emt 00:00:20]} Ke5 {[%clk
00:55:47] [%emt 00:00:11]} 30. Rh8 {[%clk 00:02:40] [%emt 00:06:05]} Rxf2 {[%clk
00:55:16] [%emt 00:01:01]} 31. Rxh7 {[%clk 00:03:09] [%emt 00:00:02]} Rg2 {[%clk
00:54:46] [%emt 00:00:59]} 32. Kc4 {[%clk 00:02:24] [%emt 00:01:15]} f4 {[%clk
00:54:50] [%emt 00:00:26]} 33. gxf4+ {[%clk 00:02:46] [%emt 00:00:08]} gxf4
{[%clk 00:55:17] [%emt 00:00:03]} 34. Re7+ {[%clk 00:02:10] [%emt 00:01:06]} Kf6
{[%clk 00:54:18] [%emt 00:01:29]} 35. Re8 {[%clk 00:02:39]} Rxh2 {[%clk
00:54:16] [%emt 00:00:32]} 1/2-1/2

[Site "Europe Echecs"]